000 00666nam a22002537a 4500
003 OSt
005 20260423141357.0
007 ta
008 260423b bl ||||| |||| 00| 0 por d
020 _a8532101321
_q(encad.)
040 _bpor
_cOSt
041 0 _apor
_hpor
082 _a342.68
_bA447r
100 1 _aAlmeida, Lúcio Rodrigues de
_91133
210 _2Recursos trabalhistas
245 1 0 _aRecursos trabalhistas /
260 _aRio de Janeiro :
_bAide,
_c1996.
300 _a276 p. :
_c21 cm
500 _aInclui índice.
504 _aBibliografia: p. 265-268
650 0 4 _aDireito processual do trabalho
650 0 4 _aBrasil
942 _2ddc
_cLIV
_n0
999 _c829
_d829